| 000 | 003080000a22000970004500 | ||
|---|---|---|---|
| 100 | 1 | _aHill, Jo | |
| 245 | 1 | 0 | _aWhat do you pray now? The world's suffering is colossal -So how do we respond ans make prayer our spiritual backbone? |
| 300 | _aNum. 15, (2001), Páginas 24-26 | ||
| 773 | 0 | _tTeartimes | |
| 942 | _cANA | ||
| 999 |
_c55909 _d55909 |
||